| 000 | 00877nam a2200217 a 4500 | ||
|---|---|---|---|
| 003 | EG-GiCUC | ||
| 008 | 090408s1979 ku a g 000 0 ara d | ||
| 017 |
_a1980/3419 _bمصر .دار الكتب |
||
| 040 |
_aEG-GiCUC _bara _cEG-GiCUC |
||
| 092 | 0 | 4 |
_a229.45 _bQ11 _221 |
| 099 |
_a04 _a229.45 Q11 |
||
| 100 | 1 | _aالقناعى : عبد العزيز العلى المطوع | |
| 245 | 1 | 2 |
_aالعلم بين القديم والحديث فى رحاب القرآن الكريم : _bحوار بين الرأس والبنكرياس / _cعبد العزيز العلى المطوع القناعى |
| 260 |
_aالكويت : _fمطبعة التقدم : _c1979 |
||
| 300 |
_a206ص : _bايض؛ _c24سم |
||
| 630 | 2 | 0 | _aالقرآن : اعجاز |
| 650 | 7 |
_aالقران و العلوم _2qrmak |
|
| 902 | _a2 | ||
| 905 |
_aجيهان شعراوى _eمدخل |
||
| 942 |
_2ddc _cBK |
||
| 999 |
_c111957 _d111957 |
||